Capitals of the Countries Bordering Brazil - Statistics

General Stats
  • This quiz has been taken 87 times
  • The average score is 9 of 10
Answer Stats
Capital % Correct
Bogota
99%
Buenos Aires
99%
Caracas
99%
Montevideo
99%
Lima
97%
Asuncion
96%
Georgetown
95%
La Paz or Sucre
93%
Paramaribo
81%
Paris
79%
No matching quizzes found
Score Distribution
Percent of People with Each Score
Percentile by Number Answered
Your Score History
You have not taken this quiz